|
|
|
|
| LEADER |
00990nam a2200253 a 4500 |
| 001 |
12758122 |
| 008 |
090713s2003 mau b 001 0 eng d |
| 010 |
|
|
|a 2002071051
|
| 020 |
|
|
|a 0631232125 (alk. paper)
|
| 020 |
|
|
|a 0631232133 (pbk. : alk. paper)
|
| 040 |
|
|
|a DLC
|c DLC
|d DLC
|
| 082 |
0 |
0 |
|a 149/.97
|2 21
|
| 245 |
0 |
0 |
|a From modernism to postmodernism :
|b an anthology /
|c edited by Lawrence Cahoone.
|
| 250 |
|
|
|a Expanded 2nd ed.
|
| 260 |
|
|
|a Malden, MA :
|b Blackwell Pub.,
|c 2003.
|
| 300 |
|
|
|a xv, 622 p. ;
|c 26 cm.
|
| 490 |
1 |
|
|a Blackwell philosophy anthologies ;
|v 2
|
| 504 |
|
|
|a Includes bibliographical references (p. 601-605) and index.
|
| 541 |
1 |
|
|e 00013755
|
| 650 |
|
0 |
|a Postmodernism.
|
| 700 |
1 |
|
|a Cahoone, Lawrence E.,
|d 1954-
|
| 852 |
4 |
|
|a Ayesha Abed Library
|j General shelf
|
| 999 |
|
|
|c 2331
|d 2331
|
| 952 |
|
|
|0 0
|1 0
|2 ddc
|4 0
|6 149_970000000000000_FRO_2003
|7 0
|9 2155
|a BRACUL
|b BRACUL
|c GEN
|d 2009-07-13
|l 6
|m 103
|o 149.97 FRO
|p 3010013755
|q 2026-06-02
|r 2025-10-05
|s 2025-10-05
|t 1
|w 2009-07-13
|y BK
|